| 000 | 01549nam a2200313 i 4500 | ||
|---|---|---|---|
| 001 | 144562 | ||
| 003 | ES-MaACL | ||
| 005 | 20251007171217.0 | ||
| 007 | t| | ||
| 008 | 070214s1959 sp r ||||1| spa d | ||
| 100 | 1 |
_aSlaughter, Frank G. _9106773 |
|
| 245 | 1 | 0 |
_aObras completas / _cFrank G. Slaughter ; ilustraciones de José Santiáñez, José Picó, J. Riu Serra. |
| 260 |
_aBarcelona : _bCaralt, _c1959 ( _eAndorra : _fCasal i Vall) |
||
| 300 |
_a2 v. ; _c20 cm. |
||
| 490 | 1 | _aObras maestras ilustradas | |
| 500 | _aContiene: I. Sangaree / versión española de Juan G. de Luaces ; ilustraciones de José Santiáñez --- En un jardín obscuro / versión española de Zoe de Godoy ; ilustraciones de José Picó --- La espada y el bisturí / versión española de Mary Williams de la Barra ; ilustraciones de J. Rius Serra ----------- III . Nadie debería morir / versión española de José Onrubia --- La Venus del cuadro / versión española de Gloria Martinengo --- La dama de Florida / versión española de Fernando González ------- [Falta el v. II] | ||
| 700 | 1 |
_aSantiáñez, José. _9103417 |
|
| 700 | 1 |
_aPicó, José. _991862 |
|
| 700 | 1 |
_aRiu Serra. _997506 |
|
| 700 | 1 |
_aLuaces, Juan G. de. _974483 |
|
| 700 | 1 |
_aGodoy, Zoe. _957541 |
|
| 700 | 1 |
_aWilliams de la Barra, Mary. _9116965 |
|
| 700 | 1 |
_aOnrubia, José. _987095 |
|
| 700 | 1 |
_aMartinengo, Gloria. _977702 |
|
| 710 |
_a _9242335 |
||
| 830 | 0 |
_aObras maestras ilustradas _9186835 |
|
| 852 |
_aES-MaACL _jE-4841-2 _bR.45241 |
||
| 999 |
_c144562 _d144562 |
||